Vodcovský a vizionársky potenciál manažérov diplomová práca
Gespeichert in:
| 1. Verfasser: | |
|---|---|
| Körperschaft: | |
| Weitere Verfasser: | |
| Format: | Buch |
| Sprache: | Slowakisch |
| Veröffentlicht: |
Bratislava
2009
|
| Tags: |
Keine Tags, Fügen Sie das erste Tag hinzu!
|
MARC
| LEADER | 00000nam$a2200000$$$4500 | ||
|---|---|---|---|
| 001 | 0101850 | ||
| 005 | 20240320075512.3 | ||
| 041 | 0 | |a slo | |
| 044 | |a SK | ||
| 245 | 1 | 0 | |a Vodcovský a vizionársky potenciál manažérov |b diplomová práca |c Ivan Sládeček ; škol. Štefan Slávik |
| 264 | 1 | |a Bratislava |c 2009 | |
| 300 | |a 67 s. | ||
| 100 | 1 | |a Sládeček, Ivan | |
| 700 | 1 | |a Slávik, Štefan, 1955- | |
| 710 | 2 | |a Fakulta podnikového manažmentu EU. Katedra manažmentu | |